| 000 | 01212nam a2200325 4500 | ||
|---|---|---|---|
| 001 | 177327 | ||
| 003 | ES-MaACL | ||
| 005 | 20230907112423.0 | ||
| 008 | 110315s2005 sp abco |||| |bspa d | ||
| 017 | _aC - 864- 2005 | ||
| 020 | _a8484851842 | ||
| 080 | _a929 Escobal, Patricio P. | ||
| 080 | _a343.819.7(460)"1936/39" | ||
| 080 | _a94(460)"1936/39" | ||
| 100 | 1 |
_aEscobal, Patricio P. _9145649 |
|
| 245 | 1 | 4 |
_aLas sacas : _b[memorias] / _cPatricio P. Escobal ; edición de María Teresa González de Garay. |
| 260 |
_a[Sada (La Coruña)] : _bEdiciós do Castro, _c[2005] |
||
| 300 |
_a333 p. : _bil. ; _c24 cm. |
||
| 490 | 1 |
_aBiblioteca del exilio. Memoria del exilio ; _v8 |
|
| 504 | _aBibliografía: p. 63-65. | ||
| 600 | 1 | 4 |
_aEscobal, Patricio P. _9145649 |
| 651 | 4 |
_aEspaña- _xHistoria- _y1936-1939, Guerra civil- _xPrisioneros. _98324 |
|
| 700 | 1 |
_aGonzález de Garay, María Teresa. _958541 |
|
| 830 | 1 |
_aBiblioteca del exilio. Memoria del exilio ; _v8 _9183188 |
|
| 852 |
_aES-MaACL _9184145 _bR 145382 _jA-11034 _dOlim: N-4039 _cDEPO1 |
||
| 903 |
_9234040 _aEsteban, José _ednr |
||
| 942 |
_2udc _cMONOGRAFIA |
||
| 999 |
_c177327 _d177327 |
||